Діяльність Острозького педагогічного училища (1945–1956 рр.) (Запис № 419391)

МАРК-запис
000 -LEADER
fixed length control field 00858caa a22002417a 4500
001 - CONTROL NUMBER
control field 131150
003 - CONTROL NUMBER IDENTIFIER
control field UA-OsUOA
005 - DATE AND TIME OF LATEST TRANSACTION
control field 20200127104854.0
007 - PHYSICAL DESCRIPTION FIXED FIELD--GENERAL INFORMATION
fixed length control field ta
008 - FIXED-LENGTH DATA ELEMENTS--GENERAL INFORMATION
fixed length control field 20180523b un ||||| |||| 00| 0 ukr d
040 ## - CATALOGING SOURCE
Original cataloging agency UA-OsUOA
Language of cataloging ukr
Transcribing agency UA-OsUOA
Modifying agency UA-OsUOA
041 ## - LANGUAGE CODE
Language code of text/sound track or separate title ukr
080 ## - UNIVERSAL DECIMAL CLASSIFICATION NUMBER
Universal Decimal Classification number 908
090 ## - LOCALLY ASSIGNED LC-TYPE CALL NUMBER (OCLC); LOCAL CALL NUMBER (OCLC)
Classification number (OCLC) (R) ; Classification number, CALL (RLIN) (NR) 908
Local cutter number (OCLC) ; Book number/undivided call number, CALL (RLIN) М24
100 ## - MAIN ENTRY--PERSONAL NAME
Personal name Манько І.
245 ## - TITLE STATEMENT
Title Діяльність Острозького педагогічного училища (1945–1956 рр.)
Statement of responsibility, etc І. Манько
300 ## - PHYSICAL DESCRIPTION
Extent С. 101-104
650 #7 - SUBJECT ADDED ENTRY--TOPICAL TERM
Topical term or geographic name as entry element 908 Краєзнавство
Source of heading or term UDC
773 0# - HOST ITEM ENTRY
Host Biblionumber 387794
Host Itemnumber 411657
Place, publisher, and date of publication Острог НаУОА 2013
Other item identifier 143116
Title Актуальні питання історії та культури України
Record control number (UA-OsUOA) 101686
942 ## - ADDED ENTRY ELEMENTS (KOHA)
Koha item type Складова частина документа
Source of classification or shelving scheme Universal Decimal Classification
955 ## - COPY-LEVEL INFORMATION (RLIN)
Classification number, CCAL (RLIN) Наукові видання

Немає доступних примірників.